000 00667nam a22002777a 4500
003 UA-OsUOA
001 28270
007 ta
008 20050315b un ||||| |||| 00| 0 ukr d
100 _aФоменко Н.А.
700 _aСкрипник М.І.
700 _aЦехмістрова Г.С.
090 _a37.015:338.48
_bП24
942 _cBK
040 _aUA-OsUOA
_bukr
_cUA-OsUOA
_dUA-OsUOA
245 _aПедагогіка туризму
300 _a294 с.
955 _a2
041 _aukr
080 _a37.015:338.48
020 _a966-8407-31-8
260 _aК.
_bСлово
_c2004
044 _aUA
650 7 _2UDC
999 _c314633
_d314633